000 00609nam a2200241Ia 4500
003 OSt
005 20220928104714.0
006 a|||||r|||| 00| 0
007 ta
008 220927b |||||||| |||| 00| 0 eng d
024 _a56875
037 _cTextual
040 _aSDCL
_cSDCL
_beng
041 _2eng
_aeng
082 _aO152,3N429,1, P2
100 _aKhetan Prabha
245 0 _aPili aandhi.
250 _a2nd
260 _aAllahabad
_bLok Bharti Prakashan
_c2002
300 _a299p
_ccm.
942 _hO152,3N429,1, P2
_cTEXL
_2CC
999 _c727324
_d727324